| 000 | 00959nam a2200253 i 4500 | ||
|---|---|---|---|
| 001 | 26033 | ||
| 003 | ES-MaACL | ||
| 005 | 20260115063025.0 | ||
| 007 | t| | ||
| 008 | 030107s1984 sp ||||1| spa d | ||
| 100 | 1 |
_aArendt, Hannah, _d1906-1975 _9242687 |
|
| 245 | 1 | 3 |
_aLa vida del espíritu _b: el pensar, la voluntad y el juicio en la filosofía y en la política / _cHannah Arendt ; traducción de Ricardo Montoro Romero, Fernando Vallespín Olla. |
| 260 |
_aMadrid : _bCentro de Estudios Constitucionales, _c1984. |
||
| 300 |
_a541 p. ; _c21 cm. |
||
| 490 | 1 |
_aEstudios políticos ; _v16 |
|
| 650 | 0 | 4 |
_aPensamiento. _915922 |
| 650 | 0 | 4 |
_aVoluntad. _917848 |
| 700 | 1 |
_aMontoro Romero, Ricardo. _982698 |
|
| 700 | 1 |
_aVallespín Oña, Fernando. _9112902 |
|
| 710 | 2 |
_aCentro de Estudios Constitucionales (España) _92618 |
|
| 830 | 0 |
_aEstudios políticos ; _v16 _9180572 |
|
| 852 |
_aES-MaACL _jL-7136 _bR.107737 |
||
| 999 |
_c26033 _d26033 |
||